000 00844nam a2200181Ia 4500
008 100920s9999 xx 000 0 und d
082 _b27234
_a28 व 891,43 थ 67
100 _aउपाध्याय भगवतशरण.
245 _aभारतीय संस्कृति के विस्तार की कहानी.
260 _bराजपाल एण्ड सन्स ,कश्मीरी गेट, दिल्ली.
_c1967
300 _a46
_bसाधी
365 _b2
520 _aबा.वि.हिंदी.
630 _aभारतीय संस्कृति के विस्तार की कहानी.
650 _aबा.वि.हिंदी.
730 _aभारतीय संस्कृति के विस्तार की कहानी.
942 _cBOOK
999 _c684146
_d684143